| 000 | 00769nam a2200289Ia 4500 | ||
|---|---|---|---|
| 001 | 54230 | ||
| 005 | 20240114005415.0 | ||
| 007 | ta | ||
| 008 | 110719s2008 g b000 u 903 u | ||
| 020 | _a(10):81-224-2277-2 | ||
| 040 | _aCotton College,Assam | ||
| 041 | _a903 | ||
| 082 |
_a515.8 _bMa 295 Pr |
||
| 100 | _aMalik, S.C. . | ||
| 245 | 0 |
_aPrinciples of Real Analysis / _cS.C.Malik. _hTextual Documents |
|
| 250 | _a2nd ed. / | ||
| 260 |
_aNew Delhi : _bNew Age International (P)Limited Publishers , _c2008. |
||
| 300 |
_a375pg ; _c24cm. |
||
| 653 | _aReal Analysis | ||
| 653 | _aMathematics | ||
| 653 | _aG- Mathematics | ||
| 942 |
_2ddc _cBK |
||
| 999 |
_c54193 _d54193 |
||